| 000 | 02300cam a2200373 4500500 | ||
|---|---|---|---|
| 005 | 20260208005009.0 | ||
| 041 | _afre | ||
| 042 | _adc | ||
| 100 | 1 | 0 |
_aDiamond, Andrew _eauthor |
| 245 | 0 | 0 | _aFrom Fighting Gangs to Black Nations: Race, Power, and the Other Civil Rights Movement in Chicago's West Side Ghetto, 1957-1968 |
| 260 | _c2008. | ||
| 500 | _a100 | ||
| 520 | _aFrom Fighting Gangs to Black Nations: Race, Power, and the Other Civil Rights Movement on Chicago’s West Side, 1957-1968 Contributing to a new wave of studies seeking to better understand the emergence of postwar civil rights activism on the local level, this paper excavates the origins of a different spirit of black militancy in Chicago’s West Side ghetto in the confrontations of youths with indignities they faced in the schools and streets of the Lawndale community from the late 1950s to the mid 1960s. In particular, it traces the formation of large black fighting gangs in this area, arguing that the militant style and racial solidarity articulated by these youth gangs became a vital source of inspiration for the broader struggle for civil rights that was developing here. Hence, when Martin Luther King and the Southern Christian Leadership Conference took their campaign against segregation to the West Side of Chicago in 1966, they found another movement here—one that diverged from the course of nonviolence but which nonetheless produced some powerful forms of political consciousness and action. | ||
| 690 | _abrutalités policières | ||
| 690 | _aChicago | ||
| 690 | _aculture des jeunes | ||
| 690 | _adélinquance juvénile | ||
| 690 | _agangs de rue | ||
| 690 | _aidentité raciale | ||
| 690 | _amouvement pour les droits civiques | ||
| 690 | _apouvoir noir | ||
| 690 | _aracisme | ||
| 690 | _aBlack Power | ||
| 690 | _aChicago | ||
| 690 | _aCivil Rights Movement | ||
| 690 | _ajuvenile delinquency | ||
| 690 | _apolice brutality | ||
| 690 | _aracial identity | ||
| 690 | _aracism | ||
| 690 | _astreet gangs | ||
| 690 | _ayouth culture | ||
| 786 | 0 | _nRevue française d’études américaines | 116 | 2 | 2008-09-04 | p. 51-65 | 0397-7870 | |
| 856 | 4 | 1 | _uhttps://shs.cairn.info/revue-francaise-d-etudes-americaines-2008-2-page-51?lang=en&redirect-ssocas=7080 |
| 999 |
_c1650115 _d1650115 |
||